Allergnädigst=privilegirte Anzeigen, Sechster Jahrgang Allergnädigst=privilegirte Anzeigen, aus sämmtlich=kaiserlich=königlichen Erbländern, herausgegeben von einer Gesellschaft. Sechster Jahrgang, worinnen enthalten sind: Nachrichten von einigen ungedruckten, und Recensionen gedruckter Bücher, die erbländische Gegenstände betreffen: Beschreibungen einiger Medaillen, als der Heil. Elisabeth königlich=ungrischen Prinzeßin, I. Stück: des Grafen von Basta, IV. des Michael Weiß, Richters zu Kronstadt, VIII. Ludwig des II. XVIII. XXV. nach Schlegeln, IX. XIII. XVI. XVII. XX. XXI. XXII. XXIII. XXVI. Münzen: Ludwigs des I. drey gemeine Dukaten X. zween silberne Denarien, XI. der siebenbürgischen Fürstinn Katharina von Brandenburg zween Dukaten XII. Sigmunds Bathori Klippe XV. Beschluß des Versuchs einer Geschichte der königl. freyen Stadt Eperies; der Abhandlung von den Zigeunern in Ungarn und Siebenbürgen, Vom Ipeker Erzbißthum; Leben Sambukus XXII. Siebenbürgische Briefe über verschiedene interessante Gegenstände. I. II. XXIII Stück.

Podrobná bibliografia
Korporácia: Ghelen - dedičia (Printer, Bookseller), knižnice - Knižnica Právnickej akadémie (Signer)
Ďalší autori: GH (Etcher), MB (Etcher), Fanti, Vinzenz Anton Joseph 1719-1776 (Illustrator), Landerer, Ferdinand, 1743-1796 (Engraver)
Médium: Kniha
Jazyk:German
Vydané: Wien, (In Wien) (In Wien) Gedruckt mit von Ghelenschen Schriften. (zu haben in dem von Ghelenschen privil. Zeitungscomtoir, in der Singerstrasse Nro. 931.) (zu haben in der von Gehlenschen Buchdruckerey in der Singerstrasse Nro. 931.) 1776.
Témy:
Signatúra: C 1005f PA
LEADER 06410nam a2200841 4500
001 000014040
005 20240717162053.0
008 190910s1776 au e ger
FMT
040 |a SVKKK  |b slo  |c SVKKK  |e AACR2 
041 0 |a ger 
044 |a au  |c AT 
080 |a 050 
080 |a (436) 
080 |a (439.5) 
080 |a 32 
080 |a 301.16 
080 |a 316 
080 |a 37 
080 |a 33 
130 0 |a Allergnädigst=privilegirte Anzeigen 
245 0 0 |a Allergnädigst=privilegirte Anzeigen, Sechster Jahrgang  |b Allergnädigst=privilegirte Anzeigen, aus sämmtlich=kaiserlich=königlichen Erbländern, herausgegeben von einer Gesellschaft. Sechster Jahrgang, worinnen enthalten sind: Nachrichten von einigen ungedruckten, und Recensionen gedruckter Bücher, die erbländische Gegenstände betreffen: Beschreibungen einiger Medaillen, als der Heil. Elisabeth königlich=ungrischen Prinzeßin, I. Stück: des Grafen von Basta, IV. des Michael Weiß, Richters zu Kronstadt, VIII. Ludwig des II. XVIII. XXV. nach Schlegeln, IX. XIII. XVI. XVII. XX. XXI. XXII. XXIII. XXVI. Münzen: Ludwigs des I. drey gemeine Dukaten X. zween silberne Denarien, XI. der siebenbürgischen Fürstinn Katharina von Brandenburg zween Dukaten XII. Sigmunds Bathori Klippe XV. Beschluß des Versuchs einer Geschichte der königl. freyen Stadt Eperies; der Abhandlung von den Zigeunern in Ungarn und Siebenbürgen, Vom Ipeker Erzbißthum; Leben Sambukus XXII. Siebenbürgische Briefe über verschiedene interessante Gegenstände. I. II. XXIII Stück. 
260 |a Wien,  |b Gedruckt mit von Ghelenschen Schriften.  |c 1776.  |a (In Wien)  |b (zu haben in dem von Ghelenschen privil. Zeitungscomtoir, in der Singerstrasse Nro. 931.)  |a (In Wien)  |b (zu haben in der von Gehlenschen Buchdruckerey in der Singerstrasse Nro. 931.) 
300 |a [2],216 s. [1],A/4-Z/4,Aa/4-Dd/4 [=109] list.  |b ilustr.  |c 4°. 22,5x18,5 cm  |e frontispis 
500 |a V texte sa vyskytuje i lat. jazyk. 
500 |a Vlys ornam.-fig., linky ozdobné, linky, inic. s ornam. pozadím vo voľ. priestore na 4 r., verz. na 2 r., titl. list a text v link. ráme, frontispis s medirytinou s alegorickými výjavmi zo života, hore s textom: "Kayl: Königl: privilegirte Anzeigen auf sämtlichen k. k. Erbländern VI. Jahr-gang", dolu signov. "V: de: F: I:" a "F: L: S:", na zač. častí (s. 3, 25, 57, 73, 81, 89, 113, 121, 128, 129, 137, 161, 177, 193) mince (averz aj reverz) s kruhopismi (averz): "Elisabeta Filia Andr Reg Ungar Obiit Marb An M CC XXXI", "Georg Basta Dns Insvlt Eqv Avr", "Michael Albinvs A P B 1612", "Lodovici Rex", "Lodovicus Dei Gracia Rex", "Lodovici D G R Vngarie", "Moneta Lodovici", "Cath. D G N M B S R I Et Tran Princ", "Sigis Tras Et Sac Rom Imp Prin", "En Novvs Ex Voto Felix Leopolde Trivmphvs" (Senta), "Infelix Budam Ludovicus perdidit olim Haec Armis Cedit Nunc Leopolde Tuis An. 1686. 2. Sept.", "Die Segen Kommen Auf Das Haupt Iosephus" signov. "GH.", "Leop Mag Dein Stuhl Soll Bestehen Ewig" signov. "GH", "Lvdo Vngar Bohe Qve Regis Et Mariae Reginae Dvlciss Conivgis Ac Proces In Flan", "Neuheusel Den 9. (19.) Avg. Erob.", "Iosephus I D G Hungariae Rex Archidux Austriae" signov. "MB", na reverze 16 malých portrétov, pamätná mince na smrť Ľudovíta II. s portrétom jeho manželky "Mariae Hvngar Bohem Eqvae Reginae...", tlač dvojsĺpcová, typograf. ozdoby, tlač. pozn. pod textom v nem. a lat. jaz. 
500 |a Chybné stránkovanie a zložkovanie: nam. s. 144 je s. 130; nam. zl. A/2 je zl. Ggg/2; K/2, K/3 sú I/2, I/3; T/3 je T/2. 
504 |a Na zl. Dd/1-Dd/4a menný a predmetový register. 
505 2 |a Periodikum – VI. ročník, I. – XXVI. Stück (jan. – jún 1776). 
508 |a Na zl. A/1 úvod vydavateľa v závere s textom: "Wien den 26ten Julius 1776." 
510 4 |a Petrik I/95 [pod Anzeigen]; Lyc. kn. Kez.; MZK; COPAC; ONB; OSZK 
550 |a Na konci každej časti vydavateľské údaje, I. – VIII. Stück: "In Wien zu haben in dem von Ghelenschen privil. Zeitungscomtoir, in der Sinngerstrasse Nro. 931."; X. – XXVI. Stück: "In Wien, zu haben in der von Gehlenschen Buchdruckerey in der Singerstrasse Nro. 931." 
561 |a Peč.: Štátna vedecká knižnica v Košiciach; K. K. Rechtsakad. Bibliothek In Kaschau. Tlač. exlibris: Kassai királyi jogakademia Könyvtára Szekrény szám XXIII Osztályzat g; Ex Libris Regiae Academiae Cassoviensis. Nro. XIII. g Anno 17 e. Rkp.: Acad Regiae Cassov 1782. 
563 |a Lepenka, modrý papier 
600 0 4 |a Alžbeta Uhorská  |c sv.  |d 1207-1231  |x mince  |x portréty 
600 1 4 |a Basta, Giorgio  |d 1540-1607  |x mince  |x portréty 
600 1 4 |a Weiss, Michal  |d 1569-1612  |x mince 
600 0 4 |a Ľudovít  |b I.  |c uhorský a poľský kráľ  |d 1342-1382, 1370-1382  |x mince 
600 0 4 |a Katarína Brandenburská  |d 1602-1644  |x mince  |x portréty 
600 1 4 |a Báthory, Zsigmond  |c sedmohradské knieža  |d 1572-1613  |x mince 
600 0 4 |a Leopold  |b I.  |c rímsko-nemecký cisár, český a uhorský kráľ  |d 1657-1705  |x portréty  |x mince 
600 0 4 |a Jozef  |b I.  |c rímsko-nemecký cisár, uhorský a český kráľ  |d 1705-1711  |x portréty  |x mince 
600 0 4 |a Ľudovít  |b II.  |c Jagelovský  |c uhorský a český kráľ,  |d 1516-1526  |x portréty  |x mince 
600 0 4 |a Mária Habsburská  |d 1505-1558  |x mince  |x portréty 
600 1 4 |a Sambucus, Ján  |d 1531-1584  |x biografie 
651 4 |a Senta  |x mince  |x bitka  |y 1697 
651 4 |a Budín  |x mince  |x obliehanie  |y 1686 
651 4 |a Nové Zámky  |x mince  |x bitka  |y 1685 
653 1 |a periodiká 
653 1 |a Rakúsko 
653 1 |a Uhorsko 
653 1 |a politika 
653 1 |a spoločenský život 
653 1 |a kultúra 
653 1 |a školstvo 
653 1 |a hospodárstvo 
700 0 |a GH  |4 etr 
700 0 |a MB  |4 etr 
700 1 |a Fanti, Vinzenz Anton Joseph  |d 1719-1776  |4 ill 
700 1 |a Landerer, Ferdinand,  |d 1743-1796  |4 egr 
710 0 |a Ghelen - dedičia  |c Wien  |d 1760-cca 1848  |4 prt  |4 bsl 
710 0 |a knižnice - Knižnica Právnickej akadémie  |c Košice  |4 sgn 
752 |a Rakúsko  |d Wien 
852 |p C 1005f PA 
904 |a cfghg---edbgazz--yyybb1001-- 
905 |a fg-a0bb-  |5 ------- 
910 |a svkkk 
997 |a Albinus, Michael p. Weiss, Michal  |4 oth 
997 |a Catharina von Brandenburg p. Katarína Brandenburská  |4 oth 
997 |d Neuheusel p. Nové Zámky  |4 oth 
997 |a Sambukus p. Sambucus, Ján  |4 oth 
998 |a ST18 
BAS